The Philosophical Approach to Religion / (Record no. 166085)

MARC details
000 -LEADER
fixed length control field 00625nam a22001937a 4500
005 - DATE AND TIME OF LATEST TRANSACTION
control field 20220216143625.0
010 ## - LCCN (DPL NO)
LC control number ENG-125894
020 ## - INTERNATIONAL STANDARD BOOK NUMBER
International Standard Book Number 9788180903687
Terms of availability 450.00
035 ## - SYSTEM CONTROL NUMBER
System control number EN-109426
037 ## - SOURCE OF ACQUISITION
Source of stock number/acquisition DBAD/PUB
082 ## - DEWEY DECIMAL CLASSIFICATION NUMBER
Classification number 230
100 ## - MAIN ENTRY--PERSONAL NAME
Personal name Waterhouse, Eric S.
245 ## - TITLE STATEMENT
Title The Philosophical Approach to Religion /
Statement of responsibility, etc by Eric S. Waterhouse
260 ## - PUBLICATION, DISTRIBUTION, ETC. (IMPRINT)
Place of publication, distribution, etc Delhi
Name of publisher, distributor, etc Bharatiya Kala Prakashan
Date of publication, distribution, etc 2018
270 ## - ADDRESS
Address 3421-A, IInd Floor, Narang Colony, Tri Nagar
City Delhi
Postal code 110035
Telephone number 011-27393083
Electronic mail address saies.pkbooks@gmail.com
300 ## - PHYSICAL DESCRIPTION
Extent 194p.
Dimensions 22cm(Hb)
500 ## - GENERAL NOTE
General note Includes index
942 ## - ADDED ENTRY ELEMENTS (KOHA)
Source of classification or shelving scheme Dewey Decimal Classification
Item type English Books
Classification part 230
Call number suffix WAT
Holdings
Withdrawn status Lost status Not for loan Collection code Home library Current library Date acquired Source of acquisition Cost, normal purchase price Full call number Barcode Copy number Cost, replacement price Koha item type
      Non-fiction Ashok Vihar Ashok Vihar 12/07/2019 DBAD/PUB 450.00 230 WAT EN-109426 1 450.00 English Books

© Delhi Public Library
Hit Counter
free hit counter